000 00674nam a2200253 i 4500
001 C2-0086000
003 PPAK
005 20180727090759.0
008 970430s1985 enka|||| ||||| | eng d
020 _a0714820245
040 _aPPAK
_beng
_cPPAK
_erda
082 0 4 _a730.924
_223
090 0 0 _a730.924
_bROD
_dR
100 1 _aRodin, Auguste,
_eauthor
245 1 0 _aRodin sculptures
264 1 _aOxford :
_bPhaidon ,
_c1985
300 _a116 pages :
_billustrations ;
_c30 cm
336 _2rdacontent
_atext
337 _2rdamedia
_aunmediated
338 _2rdacarrier
_avolume
650 1 0 _aSculpture
700 1 _aGoldsheider, Ludwing,
_ecompile
942 _ddc
_cB
999 _c17428
_d17428